Discographie Rounhaa - Statistiques

Statistiques générales
  • Ce quiz a été pris 67 fois
    66 depuis la dernière actualisation
  • Le résultat moyen est 14 sur 39
Statistiques - réponses
Horion % Correct
ICE
79%
MUSIC SOUNDS BETTER WITH YOU
74%
LE FRÈRE DE MOÏSE
70%
LOVE DEATH ROBOTS
66%
PAPURIR
64%
YASMEEN
60%
BONBON&FLEUR
55%
MAFIA
55%
2B2T
53%
LE MORT
51%
WISH I WAS SPECIAL
51%
BRUTAL
49%
KONTAKT
49%
TOTENINSEL
49%
ILLÉGAL TRISTE
47%
MR. & MRS. SMITH (feat. J9ueve)
47%
WALLL
47%
GRIS TANGER
45%
CELINE (feat. Gio)
43%
BOO
38%
MOOD 0
38%
LE VENTRE ET LA TOMBE
36%
H
32%
UMM KULTHUM
30%
Orion
23%
Miroir (feat. Khali)
21%
Chromatyk
15%
Retouche
13%
Mystère
11%
Maman m'avait prévenu
9%
10'000
6%
Lumière
6%
WYDFM
6%
Milkomeda
4%
OTVQA
4%
R sans R
4%
Sultan
4%
Crash Test
2%
Dynamite
2%
Aucun quiz correspondant
Distribution des résultats
% des personnes avec chaque résultat
Percentile par nombre de réponses
Votre historique - résultats
Vous n’avez pas pris ce quiz depuis la dernière actualisation